<?xml version="1.0" encoding="UTF-8"?>
<record
    xmlns:xsi="http://www.w3.org/2001/XMLSchema-instance"
    xsi:schemaLocation="http://www.loc.gov/MARC21/slim http://www.loc.gov/standards/marcxml/schema/MARC21slim.xsd"
    xmlns="http://www.loc.gov/MARC21/slim">

  <leader>01434nam2a2200313   4500</leader>
  <controlfield tag="001">RU\NLR\BIBL_A\022056155</controlfield>
  <controlfield tag="005">20250625103410.0</controlfield>
  <datafield tag="010" ind1=" " ind2=" ">
    <subfield code="a">953-154-482-X</subfield>
  </datafield>
  <datafield tag="035" ind1=" " ind2=" ">
    <subfield code="a">(NLR Aleph) 022056155</subfield>
  </datafield>
  <datafield tag="090" ind1=" " ind2=" ">
    <subfield code="a">12612682</subfield>
    <subfield code="c">12612682</subfield>
  </datafield>
  <datafield tag="100" ind1=" " ind2=" ">
    <subfield code="a">20231020d2000    |||y0rusy50      ca</subfield>
  </datafield>
  <datafield tag="101" ind1="0" ind2=" ">
    <subfield code="a">scr</subfield>
    <subfield code="a">chu</subfield>
  </datafield>
  <datafield tag="102" ind1=" " ind2=" ">
    <subfield code="a">HR</subfield>
    <subfield code="a">RU</subfield>
  </datafield>
  <datafield tag="105" ind1=" " ind2=" ">
    <subfield code="a">ch  z   000zy</subfield>
  </datafield>
  <datafield tag="181" ind1=" " ind2="0">
    <subfield code="a">i </subfield>
    <subfield code="b">axxe  </subfield>
  </datafield>
  <datafield tag="182" ind1=" " ind2="0">
    <subfield code="a">n</subfield>
  </datafield>
  <datafield tag="200" ind1="1" ind2=" ">
    <subfield code="a">Faksimili</subfield>
    <subfield code="d">&#x424;&#x430;&#x43A;&#x441;&#x438;&#x43C;&#x438;&#x43B;&#x435;</subfield>
    <subfield code="z">rus</subfield>
  </datafield>
  <datafield tag="203" ind1=" " ind2=" ">
    <subfield code="a">&#x422;&#x435;&#x43A;&#x441;&#x442;</subfield>
    <subfield code="b">&#x432;&#x438;&#x437;&#x443;&#x430;&#x43B;&#x44C;&#x43D;&#x44B;&#x439;</subfield>
    <subfield code="c">&#x43D;&#x435;&#x43F;&#x43E;&#x441;&#x440;&#x435;&#x434;&#x441;&#x442;&#x432;&#x435;&#x43D;&#x43D;&#x44B;&#x439;</subfield>
  </datafield>
  <datafield tag="210" ind1=" " ind2=" ">
    <subfield code="d">2000</subfield>
    <subfield code="a">&#x411;. &#x43C;.</subfield>
  </datafield>
  <datafield tag="215" ind1=" " ind2=" ">
    <subfield code="a">15, [480] &#x441;.</subfield>
    <subfield code="c">&#x444;&#x430;&#x43A;&#x441;., &#x43F;&#x43E;&#x440;&#x442;&#x440;.</subfield>
  </datafield>
  <datafield tag="300" ind1=" " ind2=" ">
    <subfield code="a">&#x422;&#x435;&#x43A;&#x441;&#x442; &#x444;&#x430;&#x43A;&#x441;. &#x43D;&#x430; &#x446;&#x435;&#x440;&#x43A;&#x43E;&#x432;&#x43D;&#x43E;&#x441;&#x43B;&#x430;&#x432;&#x44F;&#x43D;. &#x44F;&#x437;. &#x445;&#x43E;&#x440;&#x432;. &#x440;&#x435;&#x434;. (&#x433;&#x43B;&#x430;&#x433;&#x43E;&#x43B;&#x438;&#x446;&#x430;)</subfield>
  </datafield>
  <datafield tag="300" ind1=" " ind2=" ">
    <subfield code="a">&#x41F;&#x440;&#x435;&#x434;&#x438;&#x441;&#x43B;. &#x43D;&#x430; &#x445;&#x43E;&#x440;&#x432;. &#x44F;&#x437;.</subfield>
  </datafield>
  <datafield tag="320" ind1=" " ind2=" ">
    <subfield code="a">&#x411;&#x438;&#x431;&#x43B;&#x438;&#x43E;&#x433;&#x440;. &#x432; &#x43F;&#x43E;&#x434;&#x441;&#x442;&#x440;&#x43E;&#x447;. &#x43F;&#x440;&#x438;&#x43C;&#x435;&#x447;.</subfield>
  </datafield>
  <datafield tag="461" ind1=" " ind2="0">
    <subfield code="1">001RU\NLR\BIBL_A\022056074</subfield>
    <subfield code="1">2001#$aGlagoljski fragmenti Ivana Ber&#x10D;i&#x107;a u Ruskoj nacionalnoj biblioteci$v[1]</subfield>
    <subfield code="9">12612450</subfield>
    <subfield code="c">Zagreb</subfield>
    <subfield code="d">2000</subfield>
    <subfield code="f">priredila Svetlana O. Vialova</subfield>
    <subfield code="l">&#x413;&#x43B;&#x430;&#x433;&#x43E;&#x43B;&#x438;&#x447;&#x435;&#x441;&#x43A;&#x438;&#x435; &#x444;&#x440;&#x430;&#x433;&#x43C;&#x435;&#x43D;&#x442;&#x44B; &#x418;&#x432;&#x430;&#x43D;&#x430; &#x411;&#x435;&#x440;&#x447;&#x438;&#x447;&#x430; &#x432; &#x420;&#x43E;&#x441;&#x441;&#x438;&#x439;&#x441;&#x43A;&#x43E;&#x439; &#x43D;&#x430;&#x446;&#x438;&#x43E;&#x43D;&#x430;&#x43B;&#x44C;&#x43D;&#x43E;&#x439; &#x431;&#x438;&#x431;&#x43B;&#x438;&#x43E;&#x442;&#x435;&#x43A;&#x435;</subfield>
    <subfield code="n">Hrvatska akademija znanosti i umjetnosti</subfield>
    <subfield code="t">Glagoljski fragmenti Ivana Ber&#x10D;i&#x107;a u Ruskoj nacionalnoj biblioteci</subfield>
    <subfield code="y">9531544077</subfield>
    <subfield code="v">[1]</subfield>
  </datafield>
  <datafield tag="510" ind1="1" ind2=" ">
    <subfield code="a">&#x424;&#x430;&#x43A;&#x441;&#x438;&#x43C;&#x438;&#x43B;&#x435;</subfield>
    <subfield code="z">rus</subfield>
  </datafield>
  <datafield tag="942" ind1=" " ind2=" ">
    <subfield code="c">BOOK</subfield>
  </datafield>
  <datafield tag="980" ind1=" " ind2=" ">
    <subfield code="a">NB</subfield>
  </datafield>
  <datafield tag="995" ind1=" " ind2=" ">
    <subfield code="5">2023-10-20</subfield>
    <subfield code="a">af</subfield>
    <subfield code="b">NLR01</subfield>
    <subfield code="c">NLR01</subfield>
    <subfield code="e">IF</subfield>
    <subfield code="f">1-1540228</subfield>
    <subfield code="k">&#x418;&#x43A; 2023-9/83</subfield>
    <subfield code="o">0</subfield>
    <subfield code="p">600.00</subfield>
    <subfield code="r">BOOK</subfield>
    <subfield code="s">_2023983</subfield>
  </datafield>
  <datafield tag="995" ind1=" " ind2=" ">
    <subfield code="5">2024-02-02</subfield>
    <subfield code="a">af</subfield>
    <subfield code="b">NLR02</subfield>
    <subfield code="c">NLR02</subfield>
    <subfield code="e">FB03</subfield>
    <subfield code="f">1-1540466</subfield>
    <subfield code="k">&#x411;&#x438; 6040/G-541</subfield>
    <subfield code="o">0</subfield>
    <subfield code="p">600.00</subfield>
    <subfield code="r">BOOK</subfield>
    <subfield code="s">_6040G541</subfield>
  </datafield>
</record>
